| 000 | 00907nam a22002897a 4500 | ||
|---|---|---|---|
| 001 | 8603 | ||
| 003 | FISKH | ||
| 005 | 20251002140846.0 | ||
| 008 | 251002b cb ||||| |||| 00| 0 eng d | ||
| 020 | _a027506909019 | ||
| 040 |
_aFISKH _beng _cFISKH _dFISKH |
||
| 050 | _aPZ7 | ||
| 082 | _a791.45 | ||
| 100 |
_aJacobson, Sid _eAuthor |
||
| 245 |
_aTom and Jerry : _bThe orient express |
||
| 260 |
_bTurner entertainment Co. , _c2008 |
||
| 300 |
_a24 pages : _bcolor illustrations ; _c16 cm |
||
| 505 | _aN | ||
| 520 | _aSomething doesn't seem right when Tom notices three sneaky passengers aboard the Orient Express. It is up to Tom and Jerry to solve the mystery. | ||
| 521 | 8 |
_a770
_bAD |
|
| 521 | 8 |
_aN
_bRaz-Plus |
|
| 650 |
_aTom and Jerry _vMystery |
||
| 650 |
_aSneaky passengers _vOrient express |
||
| 700 |
_aBricklin, Kevin _eIllustrator |
||
| 942 |
_2ddc _cBK _n0 |
||
| 999 |
_c8603 _d8603 |
||